Lịch sử văn học Trung Quốc
Guardat en:
| Autor principal: | |
|---|---|
| Format: | Llibre |
| Idioma: | Undetermined |
| Publicat: |
Hà Nội
Giáo Dục
1995
|
| Matèries: | |
| Etiquetes: |
Afegir etiqueta
Sense etiquetes, Sigues el primer a etiquetar aquest registre!
|
| Thư viện lưu trữ: | Trung tâm Học liệu Trường Đại học Cần Thơ |
|---|
| LEADER | 00625nam a2200193Ia 4500 | ||
|---|---|---|---|
| 001 | CTU_46353 | ||
| 008 | 210402s9999 xx 000 0 und d | ||
| 020 | |c 21000 | ||
| 082 | |a 895.109 | ||
| 082 | |b A107/T.3 | ||
| 100 | |a Dư, Quan Anh | ||
| 245 | 0 | |a Lịch sử văn học Trung Quốc | |
| 245 | 0 | |c Chủ biên: Dư Quan Anh, Tiền Chung Thư, Phạm Ninh ; Người dịch: Lê Huy Tiêu ... [et al.] | |
| 260 | |a Hà Nội | ||
| 260 | |b Giáo Dục | ||
| 260 | |c 1995 | ||
| 650 | |a Chinese literature | ||
| 650 | |x History and criticism | ||
| 980 | |a Trung tâm Học liệu Trường Đại học Cần Thơ | ||